00703cam a22002291 4500001001300000003000400013005001700017008004100034010001700075035002000092040003200112042001200144050002300156100002800179245012100207250001500328260003500343300001900378440001800397700004300415999001500458af 48004948 DLC20260227110911.0890505s1943 gw 000 0 ger c aaf 48004948  a(OCoLC)19660462 aYale Univ. LibrarycCUdDLC apremarc00aPT2623.O5bT7 19431 aLommel, Ludwig Manfred.10aTreibjagd in Runxendorf;beine lustige Geschichte um Paul Neugebauer,cvon Ludwig Manfred Lommel und Fritz Mardicke. a[5. Aufl.] aHamburg,bH. Mùˆllerc[c1943] a288 p.c20 cm. 0aLustige Reihe1 aMardicke, Fritz,d1895-ejoint author. c6283d6283